000 00339nam a2200157Ia 4500
003 0STCL
008 150530s9999 xx 000 0 und d
040 _aSTCL
_cSTCL
100 _aWilson, C.L.; Loomis, W.E.
245 _aBotany
260 _c1957
546 _aEnglish
942 _2ddc
_cBK
999 _c36340
_d36340
005 20220125170401.0